Ley de asociaciones y su reglamento y ley de fundaciones (Registro nro. 6580)

Detalles MARC
000 -Cabecera
Campo de control de longitud fija 00682ata a2200265 4500
005 - Fecha y hora de la última transacción
Campo de control 20260420175215.0
008 - Elementos de longitud fija--Información general
Campo de control de longitud fija 150727b2008 xxu||||| |||| 00| 0 spa d
020 ## - International Standard Book Number
Número Internacional Estándar del Libro (ISBN) 9968210021
041 ## - Idioma
Código de idioma Español
082 ## - Clasificación Decimal Dewey
Número de clasificación 366 C8374L8
100 ## - Entrada principal--Autor personal
Nombre personal Costa Rica. Leyes, decretos, etc..
245 ## - Título propiamente dicho
Título Ley de asociaciones y su reglamento y ley de fundaciones
250 ## - Edición
Mención de edición 8 edición
260 ## - Pie de imprenta
Lugar de publicación, distribución, etc. Costa Rica
260 ## - Pie de imprenta
Nombre del editor, distribuidor, etc. Editec Editores
260 ## - Pie de imprenta
Fecha de publicación, distribución, etc. 2007
300 ## - Descripción física
Extensión 44 páginas
490 ## - Serie
Título de la Serie Investigación Criminal
650 ## - Materia general
Temática (materia general) COSTA RICA
650 ## - Materia general
Temática (materia general) ASOCIACIONES
650 ## - Materia general
Temática (materia general) LEGISLACIÓN
650 ## - Materia general
Temática (materia general) FUNDACIONES
650 ## - Materia general
Temática (materia general) LEY DE FUNDACIONES
942 ## - Punto de acceso adicional KOHA
Tipo de ítem KOHA Libro
Fuente del sistema de clasificación o colocación Dewey Decimal Classification
Existencias
Signatura completa Código de barras Programa Académico Tipo de ítem
366 C8374L8 11837 Investigación Criminal Libro